[Event "GRE-chT 49th"]
[Site "Thessaloniki"]
[Date "2022.08.12"]
[Round "1.7"]
[White "Kouskoutis, Georgios Alexandros"]
[Black "Trifonas, Spyridon"]
[Result "1-0"]
[WhiteElo "2292"]
[BlackElo "1837"]
[PlyCount "87"]
[EventDate "2022.08.12"]
[EventType "team-swiss"]
[EventRounds "7"]
[EventCountry "GRE"]
[SourceTitle "CBM 209 Extra"]
[Source "ChessBase"]
[SourceDate "2022.09.30"]
[SourceVersion "1"]
[SourceVersionDate "2022.09.30"]
[SourceQuality "1"]
[WhiteTeam "Amo Galaxias"]
[BlackTeam "Kerkeras"]
[WhiteTeamCountry "GRE"]
[BlackTeamCountry "GRE"]

1. c4 e5 2. g3 d6 3. Bg2 Nf6 4. Nc3 Be7 5. e4 0-0 6. Nge2 c6 7. 0-0 Nbd7 8. d3 Re8 9. h3 h6 10. Be3 a6 11. a4 a5 12. b3 Nh7 13. Kh2 h5 14. f4 Ndf8 15. d4 Nd7 16. Qc2 Qc7 17. Kh1 Nhf6 18. c5 exd4 19. cxd6 Bxd6 20. Bxd4 Bc5 21. e5 Bxd4 22. Nxd4 Nh7 23. Ncb5 Qb6 24. Nd6 Re7 25. N4f5 Re6 26. Nxc8 Rxc8 27. Bd5 cxd5 28. Qxc8+ Nhf8 29. Qc3 Nc5 30. Qe3 Re8 31. Rac1 Nfe6 32. Nd6 d4 33. Qf3 Rd8 34. f5 Nf8 35. Qd5 Nd3 36. Qxf7+ Kh7 37. Qxh5+ Kg8 38. Qf7+ Kh7 39. f6 Rd7 40. Qh5+ Kg8 41. f7+ Rxf7 42. Qxf7+ Kh7 43. Qh5+ Kg8 44. Rxf8+ 1-0

[Event "Kanoni Easter op 1st"]
[Site "Kanoni"]
[Date "2019.05.05"]
[Round "9"]
[White "Trifonas, Spyridon"]
[Black "Leftheriotis, Alexandros"]
[Result "0-1"]
[WhiteElo "1839"]
[BlackElo "2054"]
[PlyCount "82"]
[EventDate "2019.04.29"]
[EventType "swiss"]
[EventRounds "9"]
[EventCountry "GRE"]
[SourceTitle "CBM 190 Extra"]
[Source "ChessBase"]
[SourceDate "2019.07.15"]
[SourceVersion "1"]
[SourceVersionDate "2019.07.15"]
[SourceQuality "1"]

1. d4 Nf6 2. Bf4 g6 3. Nc3 Bg7 4. e4 d6 5. Qd2 Nbd7 6. 0-0-0 0-0 7. h4 c5 8. dxc5 Nxc5 9. f3 Qb6 10. Bd3 Be6 11. Kb1 d5 12. Bh6 dxe4 13. Bxg7 exd3 14. Bxf8 dxc2+ 15. Kxc2 Bf5+ 16. Kc1 Nd3+ 17. Kb1 Nxb2+ 18. Ka1 Nxd1 19. Qxd1 Kxf8 20. g4 Rd8 21. Qc1 Bd3 22. Nge2 Bxe2 23. Nxe2 Qe6 24. Qb2 Qd6 25. Rc1 Qd2 26. Rc2 Qe1+ 27. Rc1 Rd1 28. h5 Rxc1+ 29. Nxc1 gxh5 30. gxh5 Qh1 31. Qc3 b6 32. Kb1 Qxh5 33. Qc8+ Kg7 34. Qc7 Qxf3 35. Qxa7 Qe4+ 36. Kb2 Qb4+ 37. Nb3 h5 38. Qa8 h4 39. a3 Qg4 40. Qb7 h3 41. Nd2 h2 0-1

[Event "GRE-chT 44th"]
[Site "Achaia"]
[Date "2016.07.05"]
[Round "1.16"]
[White "Balogh, Csaba"]
[Black "Trifonas, Spyridon"]
[Result "1-0"]
[WhiteElo "2635"]
[BlackElo "1969"]
[PlyCount "69"]
[EventDate "2016.07.05"]
[EventType "team-swiss"]
[EventRounds "7"]
[EventCountry "GRE"]
[SourceTitle "CBM 173 Extra"]
[Source "ChessBase"]
[SourceDate "2016.08.29"]
[SourceVersion "1"]
[SourceVersionDate "2016.08.29"]
[SourceQuality "1"]
[WhiteTeam "Heraklion SO"]
[BlackTeam "Corfu SPZ"]
[WhiteTeamCountry "GRE"]
[BlackTeamCountry "GRE"]

1. e4 d6 2. d4 Nf6 3. Nc3 e5 4. Nf3 Nbd7 5. g4 Nxg4 6. Rg1 exd4 7. Nxd4 Nde5 8. h3 Nf6 9. f4 Ng6 10. Be3 c6 11. Qf3 Bd7 12. 0-0-0 Qa5 13. Qf2 b5 14. a3 Qc7 15. Nf3 Qb7 16. f5 Ne5 17. Nxe5 dxe5 18. Bc5 Qb8 19. Bxf8 Kxf8 20. Qc5+ Ke8 21. Rd6 Qb6 22. Qxe5+ Kf8 23. Rxg7 Qe3+ 24. Kb1 Kxg7 25. Qxf6+ Kg8 26. Rxd7 Rf8 27. e5 h5 28. e6 Rh6 29. Qe7 Kg7 30. Qh4 Qg1 31. Qf4 h4 32. Ne4 Rh5 33. e7 Re8 34. Nd6 Rhh8 35. f6+ 1-0

[Event "GRE CupT"]
[Site "Athens"]
[Date "2004.09.26"]
[Round "2"]
[White "Papaioannou, Ioannis"]
[Black "Trifonas, Spyridon"]
[Result "1-0"]
[WhiteElo "2577"]
[BlackElo "2209"]
[PlyCount "45"]
[EventDate "2004.09.??"]
[EventType "team"]
[EventRounds "2"]
[EventCountry "GRE"]
[SourceTitle "CBM 102 Extra"]
[Source "ChessBase"]
[SourceDate "2004.11.03"]
[SourceVersion "1"]
[SourceVersionDate "2004.11.03"]
[SourceQuality "1"]
[WhiteTeam "Kidon Hanion"]
[BlackTeam "Kerkiras"]
[WhiteTeamCountry "GRE"]
[BlackTeamCountry "GRE"]

1. d4 d5 2. Nf3 c6 3. c4 Nf6 4. Nc3 dxc4 5. a4 Bf5 6. e3 e6 7. Bxc4 a5 8. 0-0 Na6 9. Qe2 Nb4 10. e4 Bg4 11. d5 Bxf3 12. Qxf3 e5 13. Rd1 Qc7 14. Bg5 Ng8 15. Nb5 cxb5 16. Bxb5+ Nc6 17. dxc6 bxc6 18. Rac1 Ne7 19. Bxe7 Kxe7 20. Rxc6 Qb7 21. Rcd6 Ra7 22. Qf5 f6 23. Qe6# 1-0

[Event "GRE-Cup qf 14th"]
[Site "Greece"]
[Date "1995.??.??"]
[Round "?"]
[White "Metaxas, Petros"]
[Black "Trifonas, Spyridon"]
[Result "0-1"]
[WhiteElo "2220"]
[BlackElo "2255"]
[PlyCount "120"]
[EventDate "1995.??.??"]
[EventType "team"]
[EventRounds "2"]
[EventCountry "GRE"]
[SourceTitle "EXT 2004"]
[Source "ChessBase"]
[SourceDate "2003.11.25"]
[SourceVersion "1"]
[SourceVersionDate "2003.11.25"]
[SourceQuality "1"]

1. d4 Nf6 2. Nf3 d6 3. c4 Nbd7 4. Nc3 e5 5. e4 Be7 6. Be2 c6 7. 0-0 0-0 8. Qc2 Re8 9. Rb1 Qc7 10. Be3 a6 11. a4 a5 12. d5 Nf8 13. Ne1 Ng6 14. Qd2 Nxe4 15. Nxe4 f5 16. f3 fxe4 17. fxe4 Bd7 18. Bh5 Rf8 19. Bxg6 Rxf1+ 20. Kxf1 hxg6 21. b3 b5 22. dxc6 Bxc6 23. axb5 Bxe4 24. Ra1 a4 25. b6 Qc6 26. Qb4 axb3 27. Rxa8+ Qxa8 28. Qxb3 Kh7 29. Qb5 Bh4 30. g3 Bf6 31. Qd7 Qa6 32. Qh3+ Kg8 33. Qe6+ Kh7 34. Qxd6 Qxc4+ 35. Kf2 Qa2+ 36. Qd2 Qb3 37. Bc5 Qc4 38. Qb4 Qa2+ 39. Ke3 Bb7 40. Be7 Bxe7 41. Qxe7 Qb3+ 42. Kd2 Qb2+ 43. Nc2 Qxb6 44. Qxe5 Ba6 45. Qd4 Qa5+ 46. Ke3 Qc7 47. Nb4 Bb7 48. Nd3 Ba6 49. Ne5 Qc1+ 50. Qd2 Qg1+ 51. Qf2 Qa1 52. Nd3 Qa3 53. Qc2 Qe7+ 54. Kd2 Qe4 55. Nf4 Qd4+ 56. Kc1 Qg1+ 57. Kb2 Qb6+ 58. Kc1 Bb5 59. Qe4 Qg1+ 60. Kd2 Qxh2+ 0-1